Statistics for Most Common Words In English Starting With C

Click here to take the quiz!

General Stats

  • This quiz has been taken 5,249 times
    (5,229 since last reset)
  • The average score is 83 of 301

Answer Stats

Word% Correct
can
97%
car
95%
cat
93%
call
86%
cap
85%
come
84%
cop
80%
care
75%
could
71%
cut
71%
cold
70%
cast
68%
case
67%
count
67%
change
65%
choose
64%
cost
64%
card
63%
cool
63%
cow
62%
cake
61%
close
59%
clear
58%
clean
57%
create
57%
camp
56%
catch
56%
cell
54%
chase
54%
common
54%
class
53%
cry
53%
cash
52%
child
52%
coffee
52%
cup
52%
camera
51%
country
51%
core
50%
court
50%
cover
50%
city
49%
code
49%
check
48%
chip
48%
cook
48%
chair
47%
cheese
47%
choice
47%
corn
47%
chance
46%
charge
46%
cope
46%
carry
45%
cause
44%
chart
44%
cream
44%
cabin
43%
chest
42%
claim
42%
computer
42%
cheap
41%
coat
41%
color
41%
champion
40%
cable
39%
climb
39%
complete
39%
counter
39%
cross
39%
coast
38%
course
38%
clock
37%
coal
37%
capital
36%
center
36%
chain
36%
church
36%
clothes
36%
cloud
36%
collect
36%
continue
36%
creation
36%
careful
35%
chicken
35%
company
35%
compare
35%
competition
35%
crime
35%
challenge
34%
contain
34%
captain
33%
compete
33%
connect
33%
copy
33%
crazy
33%
capable
32%
club
32%
college
32%
comment
32%
comfort
31%
consider
31%
crack
31%
crew
31%
crowd
31%
certain
30%
Chinese
30%
clue
30%
commit
30%
contact
30%
century
29%
collection
29%
community
29%
content
29%
control
29%
crop
29%
cabinet
28%
campaign
28%
central
28%
contract
28%
correct
28%
crash
28%
custom
28%
chef
27%
compose
27%
connection
27%
criminal
27%
capacity
26%
carbon
26%
chapter
26%
corner
26%
capture
25%
carefully
25%
channel
25%
chocolate
25%
combine
25%
comparison
25%
complain
25%
creative
25%
chief
24%
closer
24%
command
24%
conversation
24%
county
24%
cancer
23%
clearly
23%
comfortable
23%
commercial
23%
complex
23%
condition
23%
credit
23%
certainly
22%
cheek
22%
classic
22%
combination
22%
communicate
22%
communication
22%
Congress
22%
customer
22%
Canadian
21%
charity
21%
circle
21%
conduct
21%
couple
21%
current
21%
calculate
20%
capability
20%
Christian
20%
Christmas
20%
coach
20%
concrete
20%
conference
20%
couch
20%
craft
20%
critic
20%
character
19%
cite
19%
classroom
19%
completely
19%
complicated
19%
concern
19%
concert
19%
construct
19%
career
18%
ceiling
18%
clothing
18%
constant
18%
construction
18%
contest
18%
convince
18%
cooking
18%
council
18%
creature
18%
critical
18%
comedy
17%
commitment
17%
competitor
17%
composition
17%
cooperation
17%
cotton
17%
crisis
17%
category
16%
celebrate
16%
chemical
16%
civil
16%
consideration
16%
consist
16%
consume
16%
container
16%
contrast
16%
courage
16%
changing
15%
climate
15%
column
15%
commander
15%
competitive
15%
confident
15%
confirm
15%
convert
15%
cookie
15%
corporation
15%
cousin
15%
carrier
14%
chamber
14%
complaint
14%
conclusion
14%
culture
14%
celebration
13%
championship
13%
client
13%
confidence
13%
corporate
13%
chairman
12%
cigarette
12%
clinic
12%
concept
12%
conclude
12%
conflict
12%
currently
12%
cycle
12%
campus
11%
candidate
11%
Catholic
11%
celebrity
11%
ceremony
11%
childhood
11%
citizen
11%
commission
11%
confusion
11%
constantly
11%
curious
11%
cluster
10%
colleague
10%
concentrate
10%
concentration
10%
consistent
10%
consumer
10%
contribute
10%
criticism
10%
clinical
9%
closely
9%
collapse
9%
considerable
9%
context
9%
contribution
9%
criticize
9%
CEO
8%
characteristic
8%
civilian
8%
concerned
8%
consumption
8%
coverage
8%
collective
7%
commitee
7%
confront
7%
congressional
7%
consequence
7%
conservative
7%
constitute
7%
cultural
7%
circumstance
6%
component
6%
contemporary
6%
characterize
5%
coalition
5%
cognitive
5%
comprehensive
5%
consensus
5%
criteria
5%
constitutional
4%
consultant
4%
continued
4%
controversial
4%
correspondent
4%
crucial
4%
cholesterol
3%
colonial
3%
counselor
3%
consciousness
2%
convertion
2%
curriculum
2%

Score Distribution

Percentile by Number Answered

Percent of People with Each Score

Your Score History

You have not taken this quiz since the last reset